Países com mais copas jogadas de cada continente - Statistics

Estatísticas Gerais
  • Esse quiz foi jogado 156 vezes
  • A pontuação média é 22 de 25
Estatísticas das Respostas
América do Sul % Correto
18 Argentina
99%
22 Brasil
99%
14 Uruguai
99%
20 Alemanha
98%
9 Chile
98%
18 Itália
98%
16 Espanha
96%
16 França
96%
17 México
95%
8 Paraguai
95%
11 Estados Unidos
94%
2 Canadá
93%
11 Coreia do Sul
93%
7 Japão
93%
16 Inglaterra
92%
6 Austrália
86%
6 Marrocos
84%
6 Costa Rica
83%
6 Nigéria
82%
3 Honduras
81%
8 Camarões
78%
4 Gana
78%
6 Arábia Saudita
74%
6 Irã
74%
6 Tunisia
66%
Nenhum quiz correspondente encontrado
Distribuição das Pontuações
Porcentagem de Pessoas com Cada Pontuação
Percentil de Números Respondidos
Sua Pontuação Histórica
Você não jogou esse quiz